<?xml version="1.0" encoding="UTF-8"?>
<record
    xmlns:xsi="http://www.w3.org/2001/XMLSchema-instance"
    xsi:schemaLocation="http://www.loc.gov/MARC21/slim http://www.loc.gov/standards/marcxml/schema/MARC21slim.xsd"
    xmlns="http://www.loc.gov/MARC21/slim">

  <leader>00941nam a22002057a 4500</leader>
  <controlfield tag="005">20250722173815.0</controlfield>
  <controlfield tag="008">221207b           ||||| |||| 00| 0 eng d</controlfield>
  <datafield tag="020" ind1=" " ind2=" ">
    <subfield code="a">9788187057611</subfield>
  </datafield>
  <datafield tag="040" ind1=" " ind2=" ">
    <subfield code="c">AL</subfield>
  </datafield>
  <datafield tag="041" ind1=" " ind2=" ">
    <subfield code="a">English</subfield>
  </datafield>
  <datafield tag="082" ind1=" " ind2=" ">
    <subfield code="a">090.1</subfield>
    <subfield code="b">CARH</subfield>
  </datafield>
  <datafield tag="100" ind1=" " ind2=" ">
    <subfield code="a">Dale Carnegie</subfield>
    <subfield code="9">64880</subfield>
  </datafield>
  <datafield tag="245" ind1=" " ind2=" ">
    <subfield code="a">How to stop worrying and start living</subfield>
  </datafield>
  <datafield tag="260" ind1=" " ind2=" ">
    <subfield code="a">New Delhi</subfield>
    <subfield code="b">LDS Marketing</subfield>
    <subfield code="c">2022</subfield>
  </datafield>
  <datafield tag="300" ind1=" " ind2=" ">
    <subfield code="a">192p.</subfield>
    <subfield code="b">PB</subfield>
    <subfield code="c">18x11cm.</subfield>
  </datafield>
  <datafield tag="365" ind1=" " ind2=" ">
    <subfield code="2">General</subfield>
    <subfield code="a">6121</subfield>
    <subfield code="b">&#x20B9;128.00</subfield>
    <subfield code="c">&#x20B9;</subfield>
    <subfield code="d">160.00</subfield>
    <subfield code="e">20%</subfield>
    <subfield code="f">25-11-2022</subfield>
  </datafield>
  <datafield tag="520" ind1=" " ind2=" ">
    <subfield code="a">Fundamentals facts you should know about worry; basic techniques in analysing worry; how to break the worry habit before it breaks you; seven ways to cultivate a attitude that will bring you peace and happiness; the perfect way to conquer worry; how to keep from worrying about criticism; six ways to prevent fatigue and worry and keep your energy and spirits high.</subfield>
  </datafield>
  <datafield tag="650" ind1=" " ind2=" ">
    <subfield code="a">Manuscripts and rare books</subfield>
    <subfield code="9">64910</subfield>
  </datafield>
  <datafield tag="942" ind1=" " ind2=" ">
    <subfield code="2">ddc</subfield>
    <subfield code="c">BK</subfield>
  </datafield>
  <datafield tag="999" ind1=" " ind2=" ">
    <subfield code="c">225465</subfield>
    <subfield code="d">225465</subfield>
  </datafield>
  <datafield tag="952" ind1=" " ind2=" ">
    <subfield code="0">0</subfield>
    <subfield code="1">0</subfield>
    <subfield code="2">ddc</subfield>
    <subfield code="4">0</subfield>
    <subfield code="7">0</subfield>
    <subfield code="8">GEN</subfield>
    <subfield code="a">SACPG</subfield>
    <subfield code="b">SACPG</subfield>
    <subfield code="d">2022-12-06</subfield>
    <subfield code="e">Biblios Book Point</subfield>
    <subfield code="g">128.00</subfield>
    <subfield code="l">1</subfield>
    <subfield code="o">090.1 CARH</subfield>
    <subfield code="p">PG024095</subfield>
    <subfield code="r">2023-10-19 00:00:00</subfield>
    <subfield code="s">2023-10-07</subfield>
    <subfield code="v">160.00</subfield>
    <subfield code="y">BK</subfield>
  </datafield>
</record>
